Normal view
MARC view
- Dutta, A C
Entry Personal Name
001 - CONTROL NUMBER
- control field: 5985
003 - CONTROL NUMBER IDENTIFIER
- control field: OSt
005 - DATE AND TIME OF LATEST TRANSACTION
- control field: 20240213150152.0
008 - FIXED-LENGTH DATA ELEMENTS
- fixed length control field: 240213|| aca||aabn | a|a d
040 ## - CATALOGING SOURCE
- Original cataloging agency: OSt
- Transcribing agency: OSt
100 ## - HEADING--PERSONAL NAME
- Personal name: Dutta, A C
670 ## - SOURCE DATA FOUND
- Source citation: Work cat.: (OSt)70: Dutta, A C ., Botany: for degree students , 1985.
